000 00569nam a2200229Ia 4500
003 OSt
005 20220924140639.0
006 a|||||r|||| 00| 0
007 ta
008 220923b |||||||| |||| 00| 0 ben d
024 _a295836
037 _cTextual
040 _aARTS
_cARTS
_bben
041 _2ben
_aben
082 _aO157,3N01x, L3
100 _aJajabar Psend
_9211542
245 0 _aHraswa odhirgha
260 _c1973
650 _aBENGALI LITERATURE
942 _hO157,3N01x, L3
_cTEXL
_2CC
999 _c444981
_d444981